Normal view
MARC view
Entry Topical Term
001 - CONTROL NUMBER
- control field: 11519
003 - CONTROL NUMBER IDENTIFIER
- control field: BD-RjUL
005 - DATE AND TIME OF LATEST TRANSACTION
- control field: 20240206164627.0
008 - FIXED-LENGTH DATA ELEMENTS
- fixed length control field: 240206|| aca||aabn | a|a d
040 ## - CATALOGING SOURCE
- Original cataloging agency: BD-RjUL
- Transcribing agency: BD-RjUL
150 ## - HEADING--TOPICAL TERM
- Topical term or geographic name entry element: Financial Economics
- Form subdivision: Capital Market
- Geographic subdivision: Bangladesh
670 ## - SOURCE DATA FOUND
- Source citation: Work cat.: (BD-RjUL)82984: Faruqui, A.K.M. Forhad 11518, Role of Investment Corporation of Bangladesh in the development of Capital Market of Bangladesh /, 2018